000 03568 am a2200961 a 4500
005 20240517101209.0
008 100511s1993||||be a | |||| 00| 0 fre d
020 _a9782800410494
041 _afre
092 _c616.5
_l15
_sDER
245 _aDermatologie Tropicale /
_cMarc Gentilini
250 _a1a ed.
260 _aBruselas:
_bEditions de l'Université de Bruxelles ; AUPELF;
_c1993.
300 _a632 p.
500 _aGentilini, M. et al. (1993). Dermatologie tropicale. (1a ed.). Bruselas : Universite de Bruxelles ; AUPELF.
590 _aDonación Dr. Mancuso 2007
653 _aIntroduction generale a la dermatologie tropicale
653 _aIntroduccion a la physiologie cutanee
653 _aParticularites physiopathologiques de la peau noire
653 _aDermatoses virales. Generalites
653 _aHerpes viroses
653 _aPox viroses
653 _aPapilloma viroses
653 _aViroses tropicales eruptives
653 _aManifestations dermatologiques de l'infection par le VIH
653 _aViroses eruptives cosmopolites
653 _aDermatoses bacteriennes. Generalites
653 _aPyodermites a germes banals
653 _aCellulites infectieuses
653 _aDermaties bacteriennes a germes particuliers
653 _aLepre
653 _aTuberculose
653 _aMycobacterioses atypiques
653 _aInfections bacteriennes systemiques d'expression cutanee
653 _aTreponematoses non veneriennes
653 _aMaladies sexuellement transmissibles. Generalites
653 _aSyphilis
653 _aUlceration genitale
653 _aUretrite masculine
653 _aDermatoses dues a des thallophytes. Generalites
653 _aMycoses superficielles
653 _aMycoses semi-profondes et profondes
653 _aDermatoses causees par des algues
653 _aParasitologie. Generalites
653 _aLeishmaniose tegumentaire
653 _aTrypanosomiases
653 _aAmibiase cutanee
653 _aNematodoses intestinales
653 _aNematodoses de type filariose
653 _aAutres nematodoses : trichinose et dracunculose
653 _aTrematodoses : bilharzioses et distomatoses
653 _aCestodoses
653 _aDermatoses dues aux arthropodes
653 _aEnvenimations et reactions anaphylactiques aux arthropodes
653 _aDermatoses au contact de l'eau et des animaux aquatiques
653 _aEnvenimations par le reptiles
653 _aMorsures de mammiferes
653 _aMaladies cosmopolites non infectieuses influencees par le contexte tropical. Generalites
653 _aNeurofibromatoses
653 _aXeroderma pigmentosum
653 _aDermatoses erythemato-squameuses, psoriasis et pityriasis rubra pilaire
653 _aMaladie de Behcet
653 _aDermatites spongiotiques
653 _aAcnes
653 _aDermatoses auto-immunes
653 _aDermatoses granulomateuses
653 _aToxidermies
653 _aDermatoses nutritionnelles
653 _aPathologie tumorales tropicale
653 _aDyschromies
653 _aAlopecies et hypertrichoses
653 _aEruption febrile
653 _aPrurit
653 _aUlceres tropicaux
653 _aHyperplasies conjonctives
700 1 _aCaumes, Eric,
_cCoord.
_9198
700 1 _aGentilini, Marc
_eDir.
_91698
700 1 _aPiérard, Gérald E.
_eCoord.
_91699
700 1 _aFranchimont, Claudine,
_cCoord.
_9199
700 1 _aArrese Estrada, Jorge,
_cCoord.
_9200
930 _a1794
942 _2ddc
_cBK
999 _c303
_d303